MARC details
| 000 -CABECERA |
| campo de control de longitud fija |
01889nam a2200361 a 4500 |
| 001 - NÚMERO DE CONTROL |
| campo de control |
000006101 |
| 003 - IDENTIFICADOR DEL NÚMERO DE CONTROL |
| campo de control |
OSt |
| 005 - FECHA Y HORA DE LA ÚLTIMA TRANSACCIÓN |
| campo de control |
20260310122405.0 |
| 008 - DATOS DE LONGITUD FIJA--INFORMACIÓN GENERAL |
| campo de control de longitud fija |
090826s1998 dr 000 0 spa d |
| 040 ## - FUENTE DE LA CATALOGACIÓN |
| Centro catalogador/agencia de origen |
DO-SdBNP |
| Lengua de catalogación |
spa |
| Centro/agencia transcriptor |
DO-SdBNP |
| 082 #4 - NÚMERO DE LA CLASIFICACIÓN DECIMAL DEWEY |
| Número de clasificación |
346.0482 |
| Número de documento/Ítem |
D431p |
| Número de edición |
22 |
| 245 00 - MENCIÓN DE TÍTULO |
| Título |
Derecho de la propiedad intelectual / |
| Mención de responsabilidad, etc. |
Jaime Angeles ...[et. al.]. |
| 260 ## - PUBLICACIÓN, DISTRIBUCIÓN, ETC. |
| Lugar de publicación, distribución, etc. |
Santo Domingo : |
| Nombre del editor, distribuidor, etc. |
FINJUS, |
| Fecha de publicación, distribución, etc. |
1998. |
| 300 ## - DESCRIPCIÓN FÍSICA |
| Extensión |
126 p. ; |
| Dimensiones |
23 cm. |
| 490 1# - MENCIÓN DE SERIE |
| Mención de serie |
Seminarios |
| 500 ## - NOTA GENERAL |
| Nota general |
Ponencias presentadas en el Seminario de Propiedad Intelectual, celebrado el 30 de mayo de 1998 por la FINJUS con los coauspicios de la PUCMM y ADOPI. |
| 505 0# - NOTA DE CONTENIDO CON FORMATO |
| Información miscelánea |
Prólogo / |
| Mención de responsabilidad |
Mary Fernández -- |
| Título |
Palabras de apertura del seminario / |
| Mención de responsabilidad |
Víctor Villegas -- |
| Título |
Los signos distintivos / |
| Mención de responsabilidad |
Tania Castillo -- |
| Título |
Las invenciones / |
| Mención de responsabilidad |
María Félix Troncoso -- |
| Título |
Los derechos conferidos por la patente de invención / |
| Mención de responsabilidad |
Zaida Lugo Lovatón -- |
| Título |
Los signos distintivos y las patentes en el ADPIC / |
| Mención de responsabilidad |
Rosa Campillo -- |
| Título |
El derecho de autor y conexos en la República Dominicana. Generalidades de la Ley 32-86 / |
| Mención de responsabilidad |
Pedro Féliz -- |
| Título |
Delitos contra la propiedad intelectual / |
| Mención de responsabilidad |
Orlando Jorge Mera -- |
| Título |
El proyecto de Ley de Propiedad Intelectual / |
| Mención de responsabilidad |
Jaime Angeles -- |
| Título |
Relatoría y conclusiones del seminario / |
| Mención de responsabilidad |
Mary Fernández. |
| 590 ## - NOTA LOCAL (RLIN) |
| Nota local |
Inventariado, 2018/LP |
| 650 #7 - PUNTO DE ACCESO ADICIONAL DE MATERIA--TÉRMINO DE MATERIA |
| Término de materia o nombre geográfico como elemento de entrada |
Derechos de autor |
| Subdivisión general |
Ensayos, conferencias, etc. |
| 9 (RLIN) |
17181 |
| Fuente del encabezamiento o término |
Lemb |
| 650 #0 - PUNTO DE ACCESO ADICIONAL DE MATERIA--TÉRMINO DE MATERIA |
| Término de materia o nombre geográfico como elemento de entrada |
Patentes de invención |
| 9 (RLIN) |
17182 |
| 700 1# - PUNTO DE ACCESO ADICIONAL--NOMBRE DE PERSONA |
| Nombre de persona |
Angeles, Jaime |
| 9 (RLIN) |
17183 |
| 700 1# - PUNTO DE ACCESO ADICIONAL--NOMBRE DE PERSONA |
| Nombre de persona |
Campillo, Rosa |
| 9 (RLIN) |
17184 |
| 700 1# - PUNTO DE ACCESO ADICIONAL--NOMBRE DE PERSONA |
| Nombre de persona |
Castillo, Tania |
| 9 (RLIN) |
17185 |
| 700 1# - PUNTO DE ACCESO ADICIONAL--NOMBRE DE PERSONA |
| Nombre de persona |
Félix Troncoso, María |
| 9 (RLIN) |
17186 |
| 700 1# - PUNTO DE ACCESO ADICIONAL--NOMBRE DE PERSONA |
| Nombre de persona |
Féliz, Pedro |
| 9 (RLIN) |
17187 |
| 700 1# - PUNTO DE ACCESO ADICIONAL--NOMBRE DE PERSONA |
| Nombre de persona |
Fernández, Mary |
| 9 (RLIN) |
17188 |
| 700 1# - PUNTO DE ACCESO ADICIONAL--NOMBRE DE PERSONA |
| Nombre de persona |
Jorge Mera, Orlando |
| 9 (RLIN) |
17189 |
| 700 1# - PUNTO DE ACCESO ADICIONAL--NOMBRE DE PERSONA |
| Nombre de persona |
Lugo Lovatón, Zaida |
| 9 (RLIN) |
17190 |
| 700 1# - PUNTO DE ACCESO ADICIONAL--NOMBRE DE PERSONA |
| Nombre de persona |
Villegas, Víctor |
| 9 (RLIN) |
7744 |
| 830 #0 - PUNTO DE ACCESO ADICIONAL DE SERIE-TÍTULO UNIFORME |
| Título uniforme |
Seminarios |
| 9 (RLIN) |
9809 |
| 910 ## - DATOS DE OPCIÓN DEL USUARIO (OCLC) |
| Datos de opción del usuario |
Validado. Control de calidad EMS |
| 942 ## - ELEMENTOS DE PUNTO DE ACCESO ADICIONAL (KOHA) |
| Fuente del sistema de clasificación o colocación |
Dewey Decimal Classification |
| Tipo de ítem Koha |
Libros y folletos |